| 000 | 01456nam a2200253 4500 | ||
|---|---|---|---|
| 003 | NALT | ||
| 005 | 20251113140721.0 | ||
| 008 | 251107b th ||||| |||| 00| 0 eng d | ||
| 040 | _aNALT | ||
| 050 |
_aQL 568.A6 _bS57G 2020 |
||
| 100 | 0 |
_aSiripan Buala. _966917 |
|
| 245 | 1 | 0 |
_aGeometric morphometric and genetic diversity of honey bees (Apis mellifera Linnaeus, 1758) in Thailand / _cSiripan Buala. |
| 260 |
_aMahasarakham : _bMahasarakham University, _c2020. |
||
| 300 |
_a121 p. : _bill., tables, chart ; _c30 cm. |
||
| 505 | 2 | _aChapter 1 Introduction -- Chapter 2 Literature reviews -- 2.1 Classification of the genus Apis Linnaeus -- 2.2 Diversity and geographic distribution within the genus Apis -- 2.3 Benefits of honey bees -- 2.4 Origin and classification of Apis mellifera -- 2.5 Diversity of Apis mellifera races -- 2.6 Apis mellifera lineages and their distribution -- 2.7 Geometric morphometric -- 2.8 Genetic variation of A. mellifera -- 2.9 The western honey bee (Apis mellifera Linnaeus, 1758) in Thailand -- Chapter 3 Research methodology -- Chapter 4 Results -- Chapter 5 Discussion and conclusion. | |
| 650 | 0 |
_aBees _xGenetic aspects _966963 |
|
| 650 | 0 |
_aVariation (Biology) _966964 |
|
| 651 | 0 |
_aGenetic Variation _966965 |
|
| 942 |
_2lcc _cRSH |
||
| 996 |
_ajidapa.t _bACQSTF _c2025-11-07 |
||
| 996 |
_avaree.k _bLIBSTF _c2025-11-07 |
||
| 996 |
_ajamriang.p _bCATSTF _c2025-11-11 |
||
| 999 |
_c107439 _d107439 |
||
| 998 |
_j6650 _k นางสาววารี เกตุโฉม |
||